Statistiques concernant Quiz sur la Nouvelle-France

Cliquez ici pour prendre le quiz!

Statistiques générales

  • Ce quiz a été pris 144 fois
  • Le résultat moyen est 11 sur 20

Statistiques - réponses

QuestionRéponse% Correct
CapitaleQuébec
88%
Cours d'eau qui fut au centre du développement et de l'économie de la Nouvelle-FranceFleuve Saint-Laurent
83%
↳Explorateur français qui fut le premier européen à explorer ce cours d'eau
et ses territoires alentours, qu'il nomme "Canada"
Jacques Cartier
82%
Nom porté par le commerce qui reliait la Nouvelle-France, la France et les AntillesCommerce {triangulaire}
80%
Territoire de la Nouvelle-France, allant des Grands Lacs jusqu'au golfe du Mexique et dont le nom est porté par un actuel état des États-UnisLouisiane
80%
↳Roi de France qui a organisé cette "opération"Louis XIV
76%
Principal produit d'exportationFourrure
64%
Solution naturelle sucrée créée par les autochtones et ensuite partagée au peuple de la Nouvelle-FranceSirop d'érable
61%
↳Hommes commerçants itinérants, œuvrant souvent dans la clandestinité et s'adonnant à la traite de se produit{Coureurs} des bois
59%
Fondateur de la capitale de la Nouvelle-FranceSamuel de Champlain
59%
↳À la suite de ce conflit, la France ne conserva que ses territoires aux Antilles ainsi que cet archipel situé dans l'océan AtlantiqueSaint-Pierre-et-Miquelon
55%
Environ 800 jeunes femmes envoyées en Nouvelle-France, de 1663 à 1673, pour s'y marier et fonder une familleFilles du Roy
48%
Nommé deux fois Gouverneur de la Nouvelle-France, il a donné son nom à un célèbre hôtel de luxe historique du QuébecLouis de Buade de Frontenac
46%
Groupe de colonies frontalières de la Nouvelle-France, faisant partie de l'Empire britanniqueTreize Colonies
46%
Missionnaires catholiques ayant pour but de convertir les Amérindiens de la Nouvelle-FranceJésuites
42%
Hurons
38%
Principaux peuples autochtones alliés des français, dans leurs nombreux conflits les opposant aux Britanniques et aux IroquoisAlgonquins
37%
Nom porté par la guerre, perdue par les français, au terme duquel le Canada tomba sous occupation britanniqueGuerre de la {conquête}
28%
Chef iroquois qui fut kidnappé et emmené de force en France, où il trouva la mortD{onnacona}
20%
Hymne national de la Nouvelle-FranceÀ la {claire} {fontaine}
19%

Distribution des résultats

Percentile par nombre de réponses

% des personnes avec chaque résultat

Votre développement - résultats

Vous n’avez pas pris ce quiz